| 000 | 00755cam a22002414a 4500 | ||
|---|---|---|---|
| 005 | 20220921063518.0 | ||
| 008 | 090205s2006 es r 000 f spa d | ||
| 020 | _a8481917435 | ||
| 035 | _aUPN01000168809 | ||
| 040 |
_aUPN _bspa _cUPN |
||
| 049 | _aCG | ||
| 050 | 4 |
_aPR4534 _bM6.5 |
|
| 100 | 1 |
_aDe Quincey, Thomas, _d1785-1859 _943982 |
|
| 245 | 1 | 3 |
_aLa monja alférez / _cThomas de Quincey ; pról. y tr. de Luis Loayza. |
| 260 |
_aMadrid : _bPre-Textos, _c2006. |
||
| 300 | _a139 p. | ||
| 490 | 0 |
_aNarrativa clásicos ; _v810 |
|
| 534 |
_pTraducción de: _tThe spanish military nun |
||
| 650 | 7 |
_aNovela inglesa _ySiglo XIX _2 _926691 |
|
| 650 | 4 |
_aVIDA MONASTICA Y RELIGIOSA DE MUJERES - _vNOVELA _943981 |
|
| 905 | _aLibro | ||
| 942 |
_2lcc _cLIBRO |
||
| 999 |
_c140915 _d140915 |
||